Datum a čas kvízu

36.5 Celkem bodů Celkový počet nahraných bodů na tomto kvízu bez doplňovacích otázek.
5. Pořadí na kvízu Konečné umístění týmu na tomto kvízu.

Zaznamenané odpovědi

# Otázka Odpověď Body Výsledky
1. Uličkou Ferdy Mravence, která... v Brně 1
2. Český řidič kamionu v pondělí... B) do běžkařské stopy 1
3. Britská kapela, která byla zal... Black Sabbath 1
4. Vláda jednoho jihoevropského s... o Chorvatsku 1
5. Tento osmnáctiletý český rychl... Metoděj Jílek 1
6. Kterým slovem na písmeno K se... kapsid(a) 1
7. Který zvířecí přívlastek získa... prasečí 1
8. Přiřaďte viry k onemocněním, k... 1A 2D 3C 4B 1
9. Viry mají svou genetickou info... U (uracil) 1
10. V oblíbené ptačí rezervaci z n... Pandemie 0